|
|
|
|
| LEADER |
00000cam a2200000 7i4500 |
| 001 |
0000014260 |
| 005 |
20151222.0 |
| 008 |
080225 |
| 020 |
|
|
|a 9679489051
|
| 090 |
0 |
0 |
|a EDU MAL
|
| 100 |
0 |
|
|a Zalifah Abdullah
|
| 245 |
1 |
0 |
|a Budaya berbilang kaum
|c Zalifah Abdullah
|
| 260 |
|
|
|a Melaka :
|b Associated Educational Distributors ,
|c 2006
|
| 440 |
|
|
|a Siri kenegaraan dan patriotisme
|
| 500 |
|
|
|a Children ages 10-12 years old (pink)
|
| 650 |
|
0 |
|a Malay language
|x Readers
|
| 999 |
|
|
|a 0000920919
|b Book
|c Children Collection
|e Cawangan Bukit Gambir
|
| 999 |
|
|
|a 0000920920
|b Book
|c Children Collection
|e Cawangan Bukit Gambir
|
| 999 |
|
|
|a 0000932477
|b Book
|c Children Collection
|e Cawangan Tangkak
|
| 999 |
|
|
|a 0000932478
|b Book
|c Children Collection
|e Cawangan Tangkak
|
| 999 |
|
|
|a 0000932479
|b Book
|c Children Collection
|e Cawangan Tangkak
|
| 999 |
|
|
|a 0000945004
|b Book
|c Children Collection
|e Cawangan Taman Sri Lambak
|
| 999 |
|
|
|a 0000945005
|b Book
|c Children Collection
|e Cawangan Taman Sri Lambak
|
| 999 |
|
|
|a 0000945006
|b Book
|c Children Collection
|e Cawangan Taman Sri Lambak
|
| 999 |
|
|
|a 0001012343
|b Book
|c Children Collection
|e Perbadanan Perpustakaan Awam Johor
|
| 999 |
|
|
|a 0001012344
|b Book
|c Children Collection
|e Perbadanan Perpustakaan Awam Johor
|